Sodoms ende

Uloženo v:
Podrobná bibliografie
Hlavní autor: Sudermann, Germann
Médium: Kniha
Jazyk:angličtina
Tagy: Přidat tag
Žádné tagy, Buďte první, kdo vytvoří štítek k tomuto záznamu!

MARC

LEADER 00000nam a2200000 4500
001 CDOM0000001600
003 mi
005 20250902104000.0
008 250902b |||||||| |||| 00| 0 eng d
040 |c mi 
100 |a Sudermann, Germann 
245 1 |a Sodoms ende  
942 |2 ddc  |c BK 
952 |0 0  |1 0  |2 ddc  |4 0  |7 1  |9 5574  |a MI  |b MI  |d 1988-10-03  |i 1229  |l 0  |p CDOM1229  |r 2025-07-13 16:28:00  |w 2025-07-13  |x DONO  |y BK 
999 |c 4446  |d 4446